Click the Leonard Cohen Song Title Ending - Statistics

General Stats
  • This quiz has been taken 145 times
  • The average score is 16 of 20
Answer Stats
Hint Answer % Correct
Hey, That's No Way to Say Goodbye
99%
Lover Lover Lover
98%
Bird on the Wire
93%
Everybody Knows
91%
You Want It Darker
89%
So Long, Marianne
87%
Famous Blue Raincoat
87%
Sisters of Mercy
86%
I'm Your Man
83%
Closing Time
83%
First We Take Manhattan
82%
Chelsea Hotel #2
81%
If It Be Your Will
72%
Field Commander Cohen
71%
The Partisan
70%
Coming Back to You
70%
Who by Fire
67%
Diamonds in the Mine
64%
Dance Me to the End of Love
55%
Tower of Song
53%
No matching quizzes found
Score Distribution
Percent of People with Each Score
Percentile by Number Answered
Your Score History
You have not taken this quiz